LDR 00841naa#a2200181#i#450# 001 RU\\bibl\37527 005 20260416012213.4 011 ## _a2073-0462 100 ## _a20200602b2020####ek#y0rusy0150####ca 102 ## _aRU 200 1# _aФОРМИРОВАНИЕ УРОЖАЯ КАРТОФЕЛЯ ПРИ ИСПОЛЬЗОВАНИИ ЗАЩИТНЫХ ПРЕПАРАТОВ _eЖурнальная статья 210 1# _aКазань _cКазанский государственный аграрный университет _d2020 215 ## _a4 с. 608 ## _aЖурнальная статья _2local 675 ## _aСельское хозяйство. Лесное хозяйство. Охота. Рыбное хозяйство. 63 _z 686 ## _aЗащита растений. 44 _2bbk 700 #1 _aЛысенко _gАндрей Юрьевич 856 4# _anaukaru.ru _u